Szegeder Notgelder (Abkürzung)

Elmentve itt :
Bibliográfiai részletek
Szerző: Dr. Banner János
Dokumentumtípus: Cikk
Megjelent: 1925
Sorozat:Dolgozatok a Magyar Királyi Ferencz József Tudományegyetem Archaeologiai Intézetéből 1
Kulcsszavak:fillér, 1919., szükségpénz
Online Access:http://acta.bibl.u-szeged.hu/24
LEADER 00639nab a2200169 i 4500
001 acta24
005 20210616155834.0
008 161015s1925 hu o 0|| ger d
040 |a SZTE Egyetemi Kiadványok Repozitórium  |b hun 
041 |a ger 
100 2 |a Dr. Banner János 
245 1 0 |a Szegeder Notgelder (Abkürzung)  |h [elektronikus dokumentum] /  |c  Dr. Banner János 
260 |c 1925 
300 |a 59-60 
490 0 |a Dolgozatok a Magyar Királyi Ferencz József Tudományegyetem Archaeologiai Intézetéből  |v 1 
695 |a fillér, 1919., szükségpénz 
856 4 0 |u http://acta.bibl.u-szeged.hu/24/1/dolgozatok_1925_059-060.pdf  |z Dokumentum-elérés